1989 1477 1171 1397 1387 1769 1461 1907 1569 1461 1789 1389 1953 1408 1334 1251 1635 1330 1111 1854 1661 1261 1657 1402 1592 1575 1190 1647 1561 1451 1143 1217 1430 1585 1274 1040 1060 1058 1470 1944 1323 1443 1484 1657 1144 1940 1809 1067 1704 1781 1090 1915 1122 1870 1433 1655 1332 1269 1186 1862 1033 1619 1959 1080 1338 1641 1682 1580 1528 1396 1262 1717 1148 1411 1912 1665 1074 1787 1970 1695 1728 1736 1890 1212 1765 1378 1660 1622 1080 1142 1306 1936 1091 1413 1589 1369 1442 1725 1420 BCNSPRNW ULIB Ver.6.0+V

เปลี่ยนเป็นภาษาไทย

Change to English
 แสดงรายละเอียดบรรณานุกรม
  กลับหน้าหลัก

Brief Record : Get Marc (ISO 2709) : E-mail record : QR code < ปิดหน้าต่าง
LEADER : 00000nam 2200000uu 4500
001    13399108896
003     ULIB
008    110316s2551||||th 000 0 tha d
020    9789740321415
060 04 WY32.JT3^bม453ข 2551
100 0  มานิตย์ จุมปา
245 10 ข้อควรระวังทางกฎหมายของพยาบาล /^cมานิตย์ จุมปา
250    พิมพ์ครั้งที่ 1
260    กรุงเทพฯ :^bสำนักพิมพ์แห่งจุฬาลงกรณ์มหาวิทยาลัย,^c2551
300    73 หน้า ;^c21 ซม.
650  7 การพยาบาล--กฎหมายและระเบียบข้อบังคับ
945    ^p60^l0^i026376
945    ^p60^l0^i026375
945    ^p60^l0^i026374
945    ^p60^l0^i026373
945    ^p60^l0^i024634
945    ^p60^l0^i024632
945    ^p60^l0^i024633
995    เกษร
999    ^aใช้งานได้ทุกระบบ
รายการนี้ยังไม่มีแท็ก
คุณยังไม่ได้ล็อกอิน คุณสามารถมีกิจกรรมร่วมกับเว็บไซต์ได้ แต่ต้องล็อกอินก่อน ::
  ล็อกอิน

รายการสื่อสารสนเทศ

ลำดับที่ ประเภท เลขเรียก/บาร์โค้ด สถานที่ สถานะ
- ไม่พบข้อมูล -

รายการใกล้เคียง
    ผู้แต่ง [มานิตย์ จุมปา]

    หัวเรื่อง [การพยาบาล--กฎหมายและระเบียบข้อบังคับ]

BibComment


ยังไม่เคยถูกคอมเมนท์

คอมเมนท์ทรัพยากรรายการนี้
  คอมเมนท์: ข้อควรระวังทางกฎห..


 Copyright 2026. Bcnsprnw @Library